Animal Definitions II Quiz Stats

Quiz Updated Aug 21, 2015

Challenge
Share
Tweet
Embed
Score 0/20 Timer 04:00
0 Plays Today
% Correct
crane
97%
bear
87.4%
sloth
86.4%
peacock
85.3%
snake
83.9%
coot
80.9%
dove
78.4%
parrot
77%
squirrel
76.9%
lark
73.3%
% Correct
shark
70.4%
sponge
69.6%
dog
69.5%
magpie
68.1%
carp
67.9%
gull
59.2%
skunk
58.2%
albatross
58%
buffalo
55.1%
cow
53%

You're not logged in!

Compare scores with friends on all Sporcle quizzes.
Sign Up with Email
OR
Log In

You Might Also Like...

Show Comments

Extras

Top Quizzes Today


Score Distribution

Your Account Isn't Verified!

In order to create a playlist on Sporcle, you need to verify the email address you used during registration. Go to your Sporcle Settings to finish the process.